000 00264 a2200109 4500
000 nam a22 7a 4500
005 20260226153640.0
100 _aRao, V. Srinivasa
_91111247
245 _aDisadvantaged Tribes in India
260 _bRawat
_c2021
942 _cTEXL
999 _c1680297
_d1680297